<?xml version="1.0" encoding="UTF-8"?>
<collection xmlns="http://www.loc.gov/MARC21/slim">
 <record>
  <leader>00723cam a2200193 7i4500</leader>
  <controlfield tag="001">0000099365</controlfield>
  <controlfield tag="005">20121015090000.0</controlfield>
  <controlfield tag="008">121015s2009    my                  may   </controlfield>
  <datafield tag="020" ind1="#" ind2="0">
   <subfield code="a">9789676122032 </subfield>
  </datafield>
  <datafield tag="090" ind1="0" ind2="0">
   <subfield code="a">JQ 1062 .A5 </subfield>
   <subfield code="b">A3 2009</subfield>
  </datafield>
  <datafield tag="100" ind1="0" ind2="#">
   <subfield code="a">Ahmad Atory Hussain </subfield>
  </datafield>
  <datafield tag="245" ind1="1" ind2="0">
   <subfield code="a">Politik Melayu di persimpangan : </subfield>
   <subfield code="b">suatu analisis pilihan raya umum 2008  </subfield>
   <subfield code="c">Ahmad Atory Hussain.</subfield>
  </datafield>
  <datafield tag="260" ind1="#" ind2="#">
   <subfield code="a">Kuala Lumpur: </subfield>
   <subfield code="b">Utusan Publications &amp; Distributors, </subfield>
   <subfield code="c">2009.</subfield>
  </datafield>
  <datafield tag="300" ind1="#" ind2="#">
   <subfield code="a">xiv, 434 p.; </subfield>
   <subfield code="c">22 cm..</subfield>
  </datafield>
  <datafield tag="504" ind1="0" ind2="0">
   <subfield code="a">Mengandungi indeks dan bibliografi</subfield>
  </datafield>
  <datafield tag="590" ind1="#" ind2="#">
   <subfield code="a">Fakulti Pembangunan Sosial, FPS</subfield>
  </datafield>
  <datafield tag="650" ind1="0" ind2="0">
   <subfield code="a">Elections -- </subfield>
   <subfield code="z">Malaysia </subfield>
  </datafield>
  <datafield tag="651" ind1="0" ind2="0">
   <subfield code="a">Malaysia -- </subfield>
   <subfield code="x">Politics and government </subfield>
  </datafield>
  <datafield tag="999" ind1=" " ind2=" ">
   <subfield code="a">1100087032</subfield>
   <subfield code="b">Book</subfield>
   <subfield code="c">Open Shelf</subfield>
   <subfield code="e">KOLEKSI TERBUKA</subfield>
  </datafield>
 </record>
</collection>
